000 00629nam 22001813 4500
001 197958
021 _b301107/09
090 _a197958
100 _a20250918d u||y0pory50 ba
200 _aManual de calçada portuguesa = The portugueses pavements hanbook
_fAntónio Manuel Esteves Henriques, António A.Casal Moura, Fernando Amado Santos
210 _aLisboa
_cDirecção Geral de Energia e Geologia
_d2009
215 _a175 p.
_cencadernado
_d25 cm
606 _94610
_aUrbanismo
675 _a71
_vPT
_zpor
700 _913981
_aHenriques
_bAntónio Manuel Esteves
801 _aPT
_bBMMN
_gRPC
830 _cFernando
_fFernando
990 _cLIVROS